000 00552nam a2200193 a 4500
005 20140310183416.0
008 070926s19uu xx 00 eng d
020 _a971-23-3172-5
050 _aHD 31
_b.An25 2005
100 _aAndres, Tomas Q.
245 _aProduction Management in the Philippine setting /
_cDr. Tomas Q. Andres
260 _aManila :
_bRex Book Store, Inc,
_c2005.
300 _ax, 407 p. :
_bill. ;
_c23 cm.
521 _aBSBA
650 _aProduction management.
942 _cBK
_2lcc
_kLOC
999 _c22581
_d22581